| 000 | 01005nam a22002897a 4500 | ||
|---|---|---|---|
| 001 | 5505 | ||
| 003 | FISKH | ||
| 005 | 20241213113024.0 | ||
| 008 | 241213b cb ||||| |||| 00| 0 eng d | ||
| 020 | _a9780439760348 | ||
| 040 |
_aFISKH _beng _cFISKH _dFISKH |
||
| 050 | _aGV1469.S7 | ||
| 082 | _a795.4 | ||
| 100 | _aSteele, Michael Anthony | ||
| 245 |
_aDueling legends official handbook / _cby Michael Anthony Steele |
||
| 250 | _aFirst printing, September 2005 | ||
| 260 |
_aNew York : _bScholastic ; _c1996 . |
||
| 300 |
_a80 pages : _bcolor illustrations ; _c23 cm . |
||
| 505 | _aG | ||
| 520 | _a"How well do you know your duelists? Learn all about the magic and monsters in the Yu-Gi-verse in this awesome guide packed with pictures, facts, trivia, puzzles, and more!"--The publisher. | ||
| 521 | 8 |
_a340
_bLexile |
|
| 521 | 8 |
_aG
_bRaz-Plus |
|
| 650 |
_aJapan _vFiction - Comic Books |
||
| 700 |
_aTakahashi, Kazuki _eillustrator |
||
| 942 |
_2ddc _cBK _n0 |
||
| 999 |
_c5505 _d5505 |
||